| 000 | 00556nam a2200169Ia 4500 | ||
|---|---|---|---|
| 008 | 090201s9999 xx 000 0 und d | ||
| 010 | _aKPL-34471 | ||
| 040 | _bमराठी | ||
| 041 | _aमराठी | ||
| 082 |
_a15407 _b34471 |
||
| 100 | _aजी ए कुलकर्णी | ||
| 245 |
_aएक अरबी कहाणी _cजी ए कुलकर्णी |
||
| 260 |
_c2004 _bविश्व मोहिनी प्रकाशन |
||
| 300 |
_a255 _bमोठा |
||
| 600 | _aएक अरबी कहाणी | ||
| 942 | _cBOOK | ||
| 999 |
_c215499 _d215499 |
||